Normal view
MARC view
- تاليف أبي االاجدابي الطرابلسي، أبي إسحق إبراهيم بن إسماعيل بن إحمد بن عبدالله؛ تحقيق وتنسيق عبد الرزاق الهلالي
Entry Personal Name
001 - CONTROL NUMBER
- control field: 16586
003 - CONTROL NUMBER IDENTIFIER
- control field: JO-AjAnu
005 - DATE AND TIME OF LATEST TRANSACTION
- control field: 20230606072938.0
008 - FIXED-LENGTH DATA ELEMENTS
- fixed length control field: 230606|| aca||aabn | a|a d
040 ## - CATALOGING SOURCE
- Original cataloging agency: JO-AjAnu
- Transcribing agency: JO-AjAnu
100 ## - HEADING--PERSONAL NAME
- Personal name: تاليف أبي االاجدابي الطرابلسي، أبي إسحق إبراهيم بن إسماعيل بن إحمد بن عبدالله؛ تحقيق وتنسيق عبد الرزاق الهلالي
670 ## - SOURCE DATA FOUND
- Source citation: Work cat.: (JO-AjAnu)8518: تاليف أبي االاجدابي الطرابلسي، أبي إسحق إبراهيم بن إسماعيل بن إحمد بن عبدالله؛ تحقيق وتنسيق عبد الرزاق الهلالي, author, كتاب كفاية المتحفظ وغاية المتلفظ في اللغة العربية